The search for significance. (Record no. 12689)

000 -LEADER
fixed length control field 00567nam a2200193 a 4500
001 - CONTROL NUMBER
control field :::00010503$&:&@@
003 - CONTROL NUMBER IDENTIFIER
control field OkBaRHE
005 - DATE AND TIME OF LATEST TRANSACTION
control field 20000607103359.0
008 - FIXED-LENGTH DATA ELEMENTS--GENERAL INFORMATION
fixed length control field s1990 j 000 0 eng u
040 ## - CATALOGING SOURCE
Transcribing agency
100 1# - MAIN ENTRY--PERSONAL NAME
Personal name McGee, Robert S.
245 14 - TITLE STATEMENT
Title The search for significance.
260 ## - PUBLICATION, DISTRIBUTION, ETC. (IMPRINT)
Place of publication, distribution, etc Houston, TX., :
Name of publisher, distributor, etc Rapha Publishing
Date of publication, distribution, etc c1990
300 ## - PHYSICAL DESCRIPTION
Extent 189 p. ;
Dimensions 23 cm.
650 ## - SUBJECT ADDED ENTRY--TOPICAL TERM
Topical term or geographic name as entry element Christian Life
650 ## - SUBJECT ADDED ENTRY--TOPICAL TERM
Topical term or geographic name as entry element Psychology, Applied
942 ## - ADDED ENTRY ELEMENTS (KOHA)
Source of classification or shelving scheme
Koha item type Books
Copies
Copy number Price effective from Shelving location Damaged status Full call number Barcode Date acquired Withdrawn status Current Location Not for loan Lost status Koha item type Permanent Location Source of classification or shelving scheme Date last seen
12010-04-14General Stacks BV 4501 .M4105032010-04-14    BooksRHEMA Bible Training College 2010-04-14
22011-10-11General Stacks BV 4501 .M4221722011-10-11 RHEMA Bible Training College  BooksRHEMA Bible Training College 2011-10-11